00355nam a22001337a 4500003000400000020001800004082001800022100002600040245006000066250000800126260005700134300001000191650002000201SGT a9789388022293 a617.645bS19A aAghanashini, Suchetha aSupportive Periodontal Therapy : A Comprehensive Review a1st aNEW DELHIbIP Innovative Publication Pvt. Ltd.c2019 a1-122 aPERIODONTOLOGY